00655nam a2200193Ia 4500003000400000008004100004020002300045040000800068245008500076260003800161300001200199365001100211901002100222902003800243903005800281942001200339952009300351999001700444LDD181029s9999 xx 000 0 und d a8178296381c495.00 cLDD 0aReforming public services in India drawing lessons from successba world bank re aNew DelhibSage Publicaionsc2006 axxv, 93 b495.00 a3756b31-01-2007 aANE/D/635b13-02-2007cFdANEe65 aDiscount-10bReqst by : N.V.Narasimhan  2ddccBK 00102ddc4070978139aLDDbLDDl0o352.3670954 R25p061470r2018-11-01w2018-11-01yBK c78140d78140